Textbook of clinical parasitology in dogs and cats

This book concentrates on the most important general information and does not discuss taxonomy, morphology or biology in any great detail.

Sparad:
Bibliografiska uppgifter
Huvudupphovsman: Beugnet, Frésdéric
Materialtyp: Bok
Språk:Undetermined
Publicerad: France Grupo Asis Biomedia, S.L. 2018
Ämnen:
Taggar: Lägg till en tagg
Inga taggar, Lägg till första taggen!
Thư viện lưu trữ: Trung tâm Học liệu Trường Đại học Cần Thơ
LEADER 00738nam a2200193Ia 4500
001 CTU_228795
008 210402s9999 xx 000 0 und d
082 |a 636.089696 
082 |b B566 
100 |a Beugnet, Frésdéric 
245 0 |a Textbook of clinical parasitology in dogs and cats 
245 0 |c Frésdéric Beugnet, Lesnaig Halos, Jacques Guillot 
260 |a France 
260 |b Grupo Asis Biomedia, S.L. 
260 |c 2018 
520 |a This book concentrates on the most important general information and does not discuss taxonomy, morphology or biology in any great detail. 
650 |a Ký sinh trùng thú y,Veterinary parasitology 
910 |b nthai 
980 |a Trung tâm Học liệu Trường Đại học Cần Thơ